000 00330nam a2200121Ia 4500
008 240624s9999 xx 000 0 und d
041 _aeng
082 _a299.936 HUB
100 _aHUBBARD L RON
245 _aDIANETICS THE MODERN SCIENCE OF MENTAL H
260 _c2007
_aDenmark
_bNew Era Publication
300 _a679 : p. : cm. ; 24
999 _c12429
_d12429